<?xml version="1.0" encoding="UTF-8"?>
<record
    xmlns:xsi="http://www.w3.org/2001/XMLSchema-instance"
    xsi:schemaLocation="http://www.loc.gov/MARC21/slim http://www.loc.gov/standards/marcxml/schema/MARC21slim.xsd"
    xmlns="http://www.loc.gov/MARC21/slim">

  <leader>01163nam a22002657a 4500</leader>
  <controlfield tag="003">KOHA_M&#x130;RAKIL</controlfield>
  <controlfield tag="005">20260511060130.0</controlfield>
  <controlfield tag="008">260507b        tu ||||| |||| 00| 0 tur d</controlfield>
  <datafield tag="020" ind1=" " ind2=" ">
    <subfield code="a">9789755333991</subfield>
  </datafield>
  <datafield tag="040" ind1=" " ind2=" ">
    <subfield code="a">TR-AnABB</subfield>
    <subfield code="b">tur</subfield>
    <subfield code="c">TR-AnABB</subfield>
  </datafield>
  <datafield tag="041" ind1=" " ind2=" ">
    <subfield code="a">tur</subfield>
  </datafield>
  <datafield tag="082" ind1=" " ind2=" ">
    <subfield code="a">909.03</subfield>
    <subfield code="b">BRA 2004</subfield>
  </datafield>
  <datafield tag="100" ind1="1" ind2=" ">
    <subfield code="a">Fernand, Braudel</subfield>
  </datafield>
  <datafield tag="245" ind1="1" ind2="0">
    <subfield code="a">Maddi uygarl&#x131;k :</subfield>
    <subfield code="b">g&#xFC;ndelik hayat&#x131;n yap&#x131;lar&#x131; /</subfield>
    <subfield code="c">Fernand Braudel ;  Frans&#x131;zca asl&#x131;ndan &#xE7;eviren: Mehmet Ali K&#x131;l&#x131;&#xE7;bay</subfield>
  </datafield>
  <datafield tag="246" ind1=" " ind2=" ">
    <subfield code="a">Maddi uygarl&#x131;k</subfield>
  </datafield>
  <datafield tag="250" ind1=" " ind2=" ">
    <subfield code="a">3. bask&#x131;</subfield>
  </datafield>
  <datafield tag="260" ind1=" " ind2=" ">
    <subfield code="a">Ankara :</subfield>
    <subfield code="b">&#x130;mge Kitabevi,</subfield>
    <subfield code="c">2017</subfield>
  </datafield>
  <datafield tag="300" ind1=" " ind2=" ">
    <subfield code="a">558 sayfa ;</subfield>
    <subfield code="c">20 cm.</subfield>
  </datafield>
  <datafield tag="500" ind1=" " ind2=" ">
    <subfield code="a">Orjinal eser ad&#x131;: Civilisation materielle economie et capitalisme</subfield>
  </datafield>
  <datafield tag="505" ind1=" " ind2=" ">
    <subfield code="a">&#x130;&#xE7;indekiler: Say&#x131;n&#x131;n a&#x11F;&#x131;rl&#x131;&#x11F;&#x131; - G&#xFC;ndelik ekmek - Gere&#x11F;inden &#xE7;ok ve ola&#x11F;an: yiyecek ve i&#xE7;ecekler - Gere&#x11F;inden &#xE7;ok ve ola&#x11F;an: Konut, elbise ve moda - Tekniklerin yay&#x131;lmas&#x131;: Enerji kaynaklar&#x131; ve maden i&#x15F;letmecili&#x11F;i - Teknik devrimler ve gecikmeler - Para - Kentler </subfield>
  </datafield>
  <datafield tag="650" ind1="0" ind2="4">
    <subfield code="a">Uygarl&#x131;k tarihi, Orta&#xE7;a&#x11F;</subfield>
  </datafield>
  <datafield tag="700" ind1="1" ind2=" ">
    <subfield code="a">K&#x131;l&#x131;&#xE7;bay, Mehmet Ali,</subfield>
    <subfield code="e">&#xE7;eviren</subfield>
    <subfield code="9">3604</subfield>
  </datafield>
  <datafield tag="900" ind1=" " ind2=" ">
    <subfield code="b">Can &#xC7;ELIK</subfield>
  </datafield>
  <datafield tag="942" ind1=" " ind2=" ">
    <subfield code="2">ddc</subfield>
    <subfield code="c">BK</subfield>
  </datafield>
  <datafield tag="952" ind1=" " ind2=" ">
    <subfield code="0">0</subfield>
    <subfield code="1">0</subfield>
    <subfield code="2">ddc</subfield>
    <subfield code="7">0</subfield>
    <subfield code="a">RUK</subfield>
    <subfield code="b">RUK</subfield>
    <subfield code="d">2026-05-07</subfield>
    <subfield code="l">0</subfield>
    <subfield code="o">909.03 BRA 2004</subfield>
    <subfield code="p">RK8253</subfield>
    <subfield code="r">2026-05-07 07:03:17</subfield>
    <subfield code="w">2026-05-07</subfield>
    <subfield code="y">BK</subfield>
  </datafield>
  <datafield tag="999" ind1=" " ind2=" ">
    <subfield code="c">10360</subfield>
    <subfield code="d">10360</subfield>
  </datafield>
</record>
